00587nam a22001817a 4500003000900000008004100009040007100050082001800121100002400139245003000163260002000193300002500213505008100238650002400319650002400343650002500367710001300392AR-CdUCM190307b ||||| |||| 00| 0 spa d aMUNICIPALIDAD PROVINCIAL DEL CUSCOcBIBLIOTECA MUNICIPAL DEL CUSCO a869.56 /bP31 aPavletich, Sashenka aNostalgia de distancias / aLima :bKotosh, a47 paginas ;c19 cm. aContenido : Arcoiris musical -- Peldaños del olvido -- Entre las Olas ...  aPoesía americana  aPoesía universal  aLiteratura Universal aConcytec